| 000 | 00700cam a2200253 4500500 | ||
|---|---|---|---|
| 005 | 20260329004956.0 | ||
| 041 | _afre | ||
| 042 | _adc | ||
| 100 | 1 | 0 |
_aEnjalbert, Cédric _eauthor |
| 245 | 0 | 0 | _a“Tromperie” : jeu de l’ego |
| 260 | _c2021. | ||
| 500 | _a82 | ||
| 690 | _aArnaud Desplechin | ||
| 690 | _aCinéma | ||
| 690 | _aContradiction | ||
| 690 | _aEgo | ||
| 690 | _aFiction | ||
| 690 | _aFilm | ||
| 690 | _aMensonge | ||
| 690 | _aPhilip Roth | ||
| 690 | _aVérité | ||
| 786 | 0 | _nPhilosophie magazine | 155 | 12 | 2021-12-01 | p. 70-70 | 1951-1787 | |
| 856 | 4 | 1 | _uhttps://shs.cairn.info/magazine-philosophie-magazine-2021-12-1-page-70?lang=fr&redirect-ssocas=7080 |
| 999 |
_c1839085 _d1839085 |
||